| 000 | 00850nam a2200265 a 4500 | ||
|---|---|---|---|
| 008 | |||
| 020 | _a0850926211 (pbk.) | ||
| 049 | _aMAIN | ||
| 090 | _aHF1379 | ||
| 245 | 0 | 0 | _aBusiness guide to the world trading system. |
| 250 | _a2nd ed. | ||
| 260 |
_aGeneva : _bInternational Trade Centre UNCTAD/WTO ; _aLondon : _bCommonwealth Secretariat, _c1999. |
||
| 300 |
_axxiv, 329 p. ; _c30 cm. |
||
| 504 | _aIncludes index. | ||
| 610 | 0 | 0 |
_aWorld Trade Organization _vRules and practice. |
| 650 | 0 | _aInternational trade. | |
| 710 | 0 | _aCommonwealth Secretariat. | |
| 710 | 0 | _aInternational Trade Centre UNCTAD/WTO. | |
| 740 | 0 | _aBusiness guide to the Uruguay round. | |
| 907 |
_a.b10024281 _b21-07-03 _c17-04-03 |
||
| 003 | |||
| 005 | 20230123133142.0 | ||
| 040 | _cNUST | ||
| 942 |
_cBOOKS _kHF1379 |
||
| 999 |
_c143634 _d143634 |
||